000
00338nam a2200133Ia 4500
008
231219s9999 xx 000 0 und d
041
_a
eng
082
_a
823
100
_a
Gladwell Malcolm
245
_a
Blink: The Power of thinking without thinking
260
_b
Penguin Books India Pvt Ltd
300
_a
277
650
_a
Management
999
_c
982611
_d
982611